Statistics for Strange Phobias

Click here to take the quiz!

General Stats

  • This quiz has been taken 65 times
    (64 since last reset)
  • The average score is 4 of 13

Answer Stats

HintAnswer% Correct
HippopotomonstrosesquippedaliophobiaFear of {long words}
76%
PhobophobiaFear of {phobias}
72%
HexakosioihexekontahexaphobiaFear of the number {666}
54%
LipophobiaFear of becoming {fat}
50%
EmetophobiaFear of {vomiting}
40%
AlektorophobiaFear of {chickens}
20%
LutraphobiaFear of {otters}
18%
ArachibutyrophobiaFear of {peanut butter sticking to the roof of your mouth}
18%
KinemortophobiaFear of {zombies}
18%
XanthophobiaFear of {yellow}
16%
GamophobiaFear of {marriage}
14%
DidaskaleinophobiaFear of {school}
12%
LuposlipaphobiaFear of {timber wolves chasing you while you are wearing socks on a newly waxed floor}
2%

Score Distribution

Percentile by Number Answered

Percent of People with Each Score

Your Score History

You have not taken this quiz since the last reset